| 000 | 00522nam a2200193Ia 4500 | ||
|---|---|---|---|
| 005 | 20250326142814.0 | ||
| 008 | 250326s9999 xx 000 0 und d | ||
| 037 | _aTextbook | ||
| 040 |
_aFMSL _beng _cFMSL |
||
| 041 |
_aeng _2eng |
||
| 084 |
_aX:51:f M2 _qFMSL |
||
| 100 |
_aLuck C J _9746627 |
||
| 245 | 0 |
_aMarketing Research _cLuck C J And Others |
|
| 250 | _aEd 6 | ||
| 260 |
_aPrentice-Hall _bPrentice-Hall, of India _c1982 |
||
| 300 | _a634p | ||
| 942 |
_cTB _hX:51:f M2 |
||
| 999 |
_c1296716 _d1296716 |
||